El XVII Rallye Internacional de Camping /
Colección:
San Jorge,
; núm. 23 (juliol 1956), pàg 56-57
Materias:
Rally Internacional FICC -- (16a : -- 1956 : -- Barcelona, Catalunya)
; Càmping -- Congressos
Idioma:
Español
MARC
| LEADER | 00000naa a2200000 a 4500 | ||
|---|---|---|---|
| 003 | Arxiu | ||
| 005 | 20260324181507.0 | ||
| 008 | 160829s1956 spcaxx s spa c | ||
| 040 | |a AGDB | ||
| 100 | 1 | |a Cerro, Antonio del |9 29413 | |
| 245 | |a El XVII Rallye Internacional de Camping / |c por Antonio del Cerro | ||
| 246 | 3 | 3 | |a Diecisiete Rallye Internacional de Camping |
| 490 | |a San Jorge, |v núm. 23 (juliol 1956), pàg 56-57 | ||
| 611 | 2 | 0 | |9 56570 |a Rally Internacional FICC |n (16a : |d 1956 : |c Barcelona, Catalunya) |
| 650 | 0 | |a Càmping |9 29414 |v Congressos | |
| 773 | |g Núm. 23 (juliol 1956), pàg 56-57 |t San Jorge. | ||
| 901 | |a Arxiu | ||
| 942 | |n 1 |2 udc |c ART | ||
| 952 | |0 0 |1 0 |4 0 |6 REV511 |7 1 |9 66496 |a Arxiu |b Arxiu |d 2023-06-16 |l 0 |o Rev-511 |r 2023-06-16 00:00:00 |w 2023-06-16 |y ARXIU |z També disponible a Rev-525 | ||
| 999 | |c 47907 |d 47907 | ||